Aspects of the management of inland waters for fisheries

Main Author: Welcomme
Corporate Author: Food and Agriculture Organization of the United Nations
Other Authors: Henderson,
Published: Rome: FAO, 1976.
Series:FAO fisheries technical paper; 161
Subjects:
LEADER 00609cam a2200181 7i4500
001 0000003620
005 20050516090000.0
020 0 0 |a 9251001197  
090 0 0 |a SH 1   |b F2 
100 1 0 |a Welcomme  
245 1 0 |a Aspects of the management of inland waters for fisheries   |c by R.L. Welcomme and H.F. Henderson. 
260 0 0 |a Rome:   |b FAO,   |c 1976. 
300 # # |a 36 p.:   |b ill.;   |c 28 cm.. 
490 0 0 |a FAO fisheries technical paper;   |v 161 
650 0 0 |a Fishery management  
700 1 1 |a Henderson,   |h H. F.  
710 2 1 |a Food and Agriculture Organization of the United Nations  
999 |a 1000394290  |b Book  |c Open Shelf  |e KOLEKSI TERBUKA